[Event "San Jose 1000 GM Spring Break 1A"]
[Site "San Jose"]
[Date "2024.03.29"]
[Round "1.4"]
[White "Jimenez Garcia, Emanuel"]
[Black "Yan, Nathan"]
[Result "1-0"]
[WhiteElo "2421"]
[BlackElo "2181"]
[PlyCount "41"]
[EventDate "2024.03.29"]
[EventType "schev"]
[EventRounds "5"]
[EventCountry "USA"]
[SourceTitle "CB16_2024"]
[SourceDate "2024.04.17"]
[SourceVersion "1"]
[SourceVersionDate "2024.04.17"]
[SourceQuality "1"]

1. Nf3 Nf6 2. d4 e6 3. e3 d5 4. Bd3 Be7 5. 0-0 0-0 6. b3 b6 7. Bb2 Bb7 8. Nbd2 Nbd7 9. Qe2 c5 10. c4 Rc8 11. Rac1 Re8 12. cxd5 Nxd5 13. Nc4 cxd4 14. Bxd4 Nc5 15. Bb1 Bf6 16. Rfd1 Bxd4 17. Rxd4 Ba6 18. e4 Nf4 19. Qd2 Qf6 20. e5 Nh3+ 21. Kh1 1-0

[Event "Sunnyvale 1000 GM Thanksgiving GM"]
[Site "Sunnyvale"]
[Date "2023.11.23"]
[Round "3"]
[White "Perdomo, Leandro Daniel"]
[Black "Yan, Nathan"]
[Result "1-0"]
[WhiteElo "2392"]
[BlackElo "2202"]
[PlyCount "105"]
[EventDate "2023.11.22"]
[EventType "schev"]
[EventRounds "9"]
[EventCountry "USA"]
[SourceTitle "CB48_2023"]
[SourceDate "2023.11.29"]
[SourceVersion "1"]
[SourceVersionDate "2023.11.29"]
[SourceQuality "1"]

1. d4 Nf6 2. c4 e6 3. Nc3 Bb4 4. e3 c5 5. Bd3 d5 6. Nf3 Nc6 7. 0-0 0-0 8. a3 Bxc3 9. bxc3 Qc7 10. cxd5 exd5 11. a4 Re8 12. Ba3 c4 13. Bc2 Ne4 14. Bxe4 Rxe4 15. Nd2 Re8 16. e4 dxe4 17. Re1 Bf5 18. Nxc4 Rad8 19. Ne3 Bg6 20. Qb3 Na5 21. Qb5 a6 22. Nd5 Qc4 23. Ne7+ Rxe7 24. Qxc4 Nxc4 25. Bxe7 Re8 26. Bg5 h6 27. Be3 Rc8 28. Rab1 b6 29. d5 Rd8 30. Red1 Bh5 31. Rd4 Be2 32. d6 Bd3 33. Rb4 b5 34. axb5 axb5 35. d7 Ne5 36. Bf4 f6 37. f3 Kf7 38. fxe4 Bc4 39. Bxe5 fxe5 40. Rd2 Ke7 41. Rb1 Rxd7 42. Rxd7+ Kxd7 43. Ra1 Kc6 44. Ra7 Bd3 45. Rxg7 Bxe4 46. Kf2 Kc5 47. Ke3 Bd5 48. g4 Kc4 49. Rc7+ Kb3 50. Rc5 Bc4 51. Kd2 e4 52. Re5 Bd3 53. Re6 1-0

[Event "Las Vegas 1000 GM op"]
[Site "Las Vegas"]
[Date "2023.06.12"]
[Round "9"]
[White "Yan, Nathan"]
[Black "Rajaram, Rohan"]
[Result "1/2-1/2"]
[WhiteElo "2192"]
[BlackElo "2138"]
[PlyCount "69"]
[EventDate "2023.06.08"]
[EventType "swiss"]
[EventRounds "9"]
[EventCountry "USA"]
[SourceTitle "CBM 214 Extra"]
[Source "ChessBase"]
[SourceDate "2023.07.31"]
[SourceVersion "1"]
[SourceVersionDate "2023.07.31"]
[SourceQuality "1"]

1. e4 c5 2. Nf3 d6 3. d4 cxd4 4. Nxd4 Nf6 5. Nc3 a6 6. f3 e5 7. Nb3 Be6 8. Be3 Be7 9. Qd2 h5 10. 0-0-0 Nbd7 11. Bd3 Rc8 12. Kb1 b5 13. h3 h4 14. f4 Qc7 15. Rhe1 0-0 16. f5 Bc4 17. g4 hxg3 18. Rg1 b4 19. Nd5 Nxd5 20. exd5 f6 21. Rxg3 Rf7 22. Qg2 Nb6 23. Rg1 Bf8 24. Bxb6 Qxb6 25. Bxc4 Rxc4 26. Nd2 Rf4 27. Ne4 Rxf5 28. Rg4 Rf4 29. Rxf4 exf4 30. Rf1 Qe3 31. b3 a5 32. Qg6 a4 33. Rg1 Qd4 34. Rf1 Qe3 35. Qg2 1/2-1/2